| Tag |
First Indicator |
Second Indicator |
Subfields |
| LEADER |
00000cam a2200000 4500 |
| 001 |
in00000041031 |
| 005 |
20151007070611.0 |
| 008 |
740710s1960 nyua 00000 eng u |
| 010 |
|
|
|a 60007544
|
| 035 |
|
|
|a (OCoLC)00941218
|
| 035 |
|
|
|9 AAE4328AM
|
| 040 |
|
|
|c KSU
|d TXA
|d UtOrBLW
|
| 041 |
1 |
|
|a eng
|a fre
|
| 049 |
|
|
|a TXAM
|c [336047]
|
| 050 |
|
0 |
|a QC171
|b .D813
|
| 082 |
1 |
|
|a 539
|
| 092 |
|
|
|a 539
|b D946m, 1960
|
| 100 |
1 |
|
|a Duquesne, Maurice.
|
| 245 |
1 |
0 |
|a Matter and antimatter /
|c [Translated by A. J. Pomerans].
|
| 264 |
|
1 |
|a New York :
|b Harper,
|c [1960]
|
| 300 |
|
|
|a 127 pages :
|b illustrations ;
|c 20 cm.
|
| 336 |
|
|
|a text
|b txt
|2 rdacontent
|
| 337 |
|
|
|a unmediated
|b n
|2 rdamedia
|
| 338 |
|
|
|a volume
|b nc
|2 rdacarrier
|
| 490 |
0 |
|
|a Science today series [ST2]
|
| 650 |
|
0 |
|a Matter
|x Constitution.
|
| 650 |
|
0 |
|a Nuclear physics.
|
| 999 |
|
|
|a MARS
|
| 999 |
f |
f |
|s d990996d-d3a7-318b-9180-6af586e9c993
|i a43afcd1-396d-366a-a043-2788b845e60a
|t 0
|
| 952 |
f |
f |
|p ric
|a Texas A&M University
|b Rellis Campus
|c Joint Library Facility
|d Remote Storage
|t 0
|e QC171 .D813
|h Library of Congress classification
|i unmediated -- volume
|m A14800927013
|
| 998 |
f |
f |
|a QC171 .D813
|t 0
|l Remote Storage
|